| 000 | 00687nam a2200217 a 4500 | ||
|---|---|---|---|
| 999 |
_c10993 _d10993 |
||
| 001 | 10993 | ||
| 003 | BD-JhCC | ||
| 005 | 20190717092723.0 | ||
| 008 | 190617s2014 bg |||| |||| 000 0 ben d | ||
| 020 | _a9789849071273 | ||
| 035 | _a(BD-JhCC)10993 | ||
| 040 |
_aBD-JhCC _dBD-JhCC |
||
| 041 | _aben | ||
| 082 |
_a891.443 _bSAG 2014 |
||
| 100 | _aসাগস, ফরিদুর রেজা | ||
| 245 |
_aবাছাই কিশোর উপন্যাস / _cফরিদুর রেজা সাগস, |
||
| 260 |
_aঢাকা : _bঅনন্যা, _c২০১৪. |
||
| 300 |
_a৩৯১ পৃ. : _c২০ সেমি. |
||
| 650 | _aJuvenile Novel | ||
| 942 |
_2ddc _cBK |
||